| 000 | 00000nam##2200000za#4500 |
| 001 | 9.570374 |
| 003 | CaOODSP |
| 005 | 20210624182218 |
| 007 | cr ||||||||||| |
| 008 | 150406|2007||||xxc|||||o f|0| 0 eng|d |
| 040 | |aCaOODSP|beng |
| 043 | |an-cn--- |
| 086 | 1 |aIu182-1/2007-11E-PDF |
| 110 | 1 |aCanada. |bIndustry Canada. |bMicro-Economic Policy Analysis Branch. |
| 245 | 10|aInterprovincial barriers to internal trade in goods, services and flows of capital : |h[electronic resource]|bpolicy, knowledge gaps and research issues / |c[by] Kathleen Macmillan, Patrick Grady. |
| 246 | 3 |aRoundtable on Internal trade, opportunities and challenges (2007 : Ottawa, Ont.) |
| 260 | |aOttawa - Ontario : |bIndustry Canada. |
| 300 | |a26p.|breferences |
| 490 | 1 |aWorking paper series|v2007-11 |
| 500 | |a"This research paper is one of four prepared for the Human Resources and Social Development Canada-Industry Canada Roundtable on 'Internal Trade: Opportunities and Challenges' which was held in Ottawa on March 30, 2007"--p.3 of 26. |
| 590 | |a12-09-Supp|b2012-03-21 |
| 720 | 1 |aMacmillan, Kathleen |
| 720 | 1 |aGrady, Patrick |
| 775 | 08|tObstacles interprovinciaux au commerce intérieur de biens, services et mouvements de capitaux : |w(CaOODSP)9.601106 |
| 830 | #0|aWorking paper series ;|v2007-11|w(CaOODSP)9.504818 |
| 856 | 40|ahttp://publications.gc.ca|qPDF|s183 KB|uhttps://publications.gc.ca/collections/collection_2011/ic/Iu182-1-2007-11-eng.pdf|y2007-11 |
| 986 | |aIC 60409 |